| 000 | 00612nam a2200193Ia 4500 | ||
|---|---|---|---|
| 008 | 090123s9999 xx 000 0 und d | ||
| 082 | _b43092 | ||
| 100 | _aधीर संजय भोला | ||
| 245 | _aविविध खेळ आणि नियम | ||
| 250 | _a1 | ||
| 260 | _c2008 | ||
| 300 | _a208 | ||
| 600 | _aधीर संजय भोला | ||
| 630 | _aविविध खेळ आणि नियम | ||
| 700 | _aधीर संजय भोला | ||
| 700 | _aशिरसाठ झरीकर | ||
| 730 | _aविविध खेळ आणि नियम | ||
| 942 | _cBOOK | ||
| 999 |
_c81149 _d81149 |
||